000 00440 a2200121 4500
020 _a1589480775 (pbk. : alk. paper)
082 _a333.730285 MEY
100 _aVon Meyer, Nancy,
245 _aGIS and land records :
_bthe ArcGIS parcel data model /
_cNancy von Meyer.
260 _aRedlands, Calif. :
_bESRI Press,
_c2004.
300 _aviii, 169 p. :
_bill. (some col.) ;
_c23 cm.
650 _aLand use
_zUnited States
_xPlanning.
650 _aGeographic information systems.
999 _c1519
_d1519